|
|
|
|
| LEADER |
00000nab a2200000 a 4500 |
| 001 |
vtls000233809 |
| 003 |
SK-MaSNL |
| 005 |
20260304061233.0 |
| 008 |
250422c1985 xo 0 slo |
| 015 |
|
|
|a SNBRB19rr/mm-uuuuu
|
| 035 |
|
|
|a CL0243923
|
| 035 |
|
|
|a urn:nbn:sk:snk-ab66u
|
| 035 |
|
|
|a (urnnbn)urn:nbn:sk:snk:ar-a04nbs
|
| 035 |
|
|
|a (uuid)5da9a731-67df-4a0a-907e-a57a00aa9094
|
| 040 |
|
|
|a SNKBUCL
|b slo
|c SNKBUCL
|e AACR2
|
| 041 |
0 |
|
|a cze
|
| 044 |
|
|
|a xo
|c SK
|
| 080 |
|
|
|a 532.546
|2 1981
|
| 100 |
1 |
|
|a Šír, Miloslav,
|d 1956-
|4 aut
|9 116271
|
| 245 |
1 |
0 |
|a Analytické vyjadření retenční křivky a hydraulické vodivosti pórovitého materiálu
|c Miloslav Šir, Tomáš Vogel, Milena Císlerová ; Miloslav Šír
|
| 300 |
|
|
|b Obr. 3. Res. rus., angl., lit. 11 zázn. v češ., angl.
|
| 650 |
0 |
7 |
|a materiály pórovité
|2 snkbucl
|9 970995
|
| 650 |
0 |
7 |
|a hydraulická vodivosť
|2 snkbucl
|9 161192
|
| 655 |
|
7 |
|a články z novín a časopisov
|2 snkbucl
|9 267496
|
| 700 |
1 |
|
|a Vogel, Tomáš,
|d 1956-
|4 aut
|9 788099
|
| 700 |
1 |
|
|a Císlerová, Milena,
|d 1940-
|4 aut
|9 119329
|
| 700 |
1 |
|
|a Šír, Miloslav,
|d 1956-
|4 aut
|9 116271
|
| 773 |
0 |
|
|t Vodohospodársky časopis
|g Roč. 33, č. 1 (1985), s. 74-85
|
| 850 |
|
|
|a Slovenská národná knižnica
|
| 852 |
|
|
|a Slovenská národná knižnica
|
| 958 |
|
|
|a article27
|
| 958 |
|
|
|a NB
|
| 958 |
|
|
|a RK
|
| 958 |
|
|
|a CZ
|
| 958 |
|
|
|a OND
|
| 958 |
|
|
|a EUIPO
|
| 992 |
|
|
|a RBX
|
| 999 |
|
|
|c 2731981
|d 2733911
|